| 000 | 00566nam a22002297a 4500 | ||
|---|---|---|---|
| 005 | 20220125171948.0 | ||
| 008 | 170901b xxu||||| |||| 00| 0 spa d | ||
| 020 | _a9780521545235 | ||
| 041 | _aeng | ||
| 082 | _a428 S617w | ||
| 100 |
_aSingleton, Jill _944081 |
||
| 245 | _aWriters at work: the paragraph | ||
| 260 | _aEstados Unidos | ||
| 260 | _bCambridge University | ||
| 260 | _c2006 | ||
| 300 | _a54 páginas | ||
| 650 |
_aINGLÉS _92062 |
||
| 650 |
_aENSEÑANZA _9236 |
||
| 650 |
_aAPRENDIZAJE _962267 |
||
| 650 |
_aCOMPOSIÓN _944083 |
||
| 942 | _cBK | ||
| 999 |
_c9825 _d9825 |
||